000
00207 a2200097 4500
001
2931
100
_a
Natkiel, R
245
_a
Foreign policy PAK's option
260
_a
_b
Royal Books
_c
090
_c
2223
_d
2223
942
_a
NUST-CAE
_c
_c
13592
999
_c
238004
_d
238004